Guess the Insect - Statistics

General Stats
  • This quiz has been taken 9 times
  • The average score is 10 of 12
Answer Stats
Picture Answer % Correct
Ant
100%
Beetle
100%
Butterfly
100%
Dragonfly
100%
Mantis
100%
Moth
100%
Wasp
100%
Stick insect
63%
Stinkbug
63%
Weevil
63%
Cicada
50%
Katydid
38%
No matching quizzes found
Score Distribution
Percent of People with Each Score
Percentile by Number Answered
Your Score History
You have not taken this quiz